[Event "Cagliari Alfa Lum op-A 2nd"]
[Site "Cagliari"]
[Date "2010.09.05"]
[Round "5"]
[White "Altea, Giovanni"]
[Black "Bulleri, Valentino"]
[Result "1-0"]
[WhiteElo "1850"]
[BlackElo "1584"]
[PlyCount "71"]
[EventDate "2010.09.03"]
[EventType "swiss"]
[EventRounds "6"]
[EventCountry "ITA"]
[SourceTitle "EXT 2024"]
[Source "ChessBase"]
[SourceDate "2023.10.10"]
[SourceVersion "1"]
[SourceVersionDate "2023.10.10"]
[SourceQuality "1"]

1. c4 Nf6 2. Nc3 e6 3. e4 d5 4. e5 Nfd7 5. d4 dxc4 6. Bxc4 Nb6 7. Bb3 c5 8. Nf3 c4 9. Bxc4 Nxc4 10. Qa4+ Bd7 11. Qxc4 Nc6 12. 0-0 Rc8 13. Qe2 a6 14. Be3 b5 15. Rfc1 Na5 16. Ne4 h6 17. Rxc8 Bxc8 18. Rc1 Nc4 19. b3 Nxe3 20. Qxe3 Bb7 21. Nc5 Bxc5 22. dxc5 Qd5 23. Qd4 Kd7 24. Qf4 Ke7 25. Qb4 Bc6 26. Qg4 Rd8 27. h3 Kf8 28. Kh2 Qd3 29. Qf4 Qe2 30. Nd4 g5 31. Nxe6+ Ke8 32. Ng7+ Kf8 33. Qf6 Qd2 34. Ne6+ Ke8 35. Nxd8 Qxd8 36. Qxc6+ 1-0

[Event "Cagliari Alfa Lum op-A 2nd"]
[Site "Cagliari"]
[Date "2010.09.03"]
[Round "2"]
[White "Porru, Giambattista"]
[Black "Bulleri, Valentino"]
[Result "0-1"]
[WhiteElo "1518"]
[BlackElo "1584"]
[PlyCount "50"]
[EventDate "2010.09.03"]
[EventType "swiss"]
[EventRounds "6"]
[EventCountry "ITA"]
[SourceTitle "EXT 2024"]
[Source "ChessBase"]
[SourceDate "2023.10.10"]
[SourceVersion "1"]
[SourceVersionDate "2023.10.10"]
[SourceQuality "1"]

1. e4 c5 2. Nc3 d6 3. Bc4 Nf6 4. h3 g6 5. Nd5 Nxd5 6. Bxd5 Bg7 7. d3 0-0 8. c3 Nd7 9. Bg5 Nb6 10. Bb3 d5 11. exd5 Nxd5 12. Qd2 b6 13. Nf3 Re8 14. 0-0-0 Bb7 15. Rhe1 Qc7 16. Bh6 Bh8 17. c4 Nb4 18. Bf4 Nxd3+ 19. Qxd3 Qxf4+ 20. Re3 Bxf3 21. gxf3 Bd4 22. Ba4 Red8 23. Rde1 Bxb2+ 24. Kxb2 Rxd3 25. Rxd3 Qxc4 0-1